[Event "ESTCC U65 2018"]
[Site "Walbrzych"]
[Date "2018.04.19"]
[Round "6"]
[White "Mortensen, Steen Juul"]
[Black "Vinke, Dietmar"]
[Result "1/2-1/2"]
[WhiteElo "1940"]
[BlackElo "2170"]
[Annotator "NA"]
[PlyCount "132"]
[EventDate "2018.??.??"]
[EventCountry "POL"]
[SourceTitle "playchess.com"]
[Source "ChessBase"]
[SourceQuality "1"]
[WhiteTeam "Denmark"]
[BlackTeam "Finland"]
[WhiteTeamCountry "DEN"]
[BlackTeamCountry "FIN"]
[TimeControl "40/5400+30:1800+30"]

1. d4 {[%emt 0:00:00]} Nf6 {[%emt 0:00:17]} 2. c4 {[%emt 0:00:00]} g6 {[%emt 0:00:06]} 3. Nc3 {[%emt 0:00:00]} Bg7 {[%emt 0:00:04]} 4. e4 {[%emt 0:00:00]} d6 {[%emt 0:00:03]} 5. Nf3 {[%emt 0:00:05]} O-O {[%emt 0:00:09]} 6. Be2 {[%emt 0:00:14]} Na6 {[%emt 0:00:14]} 7. O-O {[%emt 0:00:58]} e5 {[%emt 0:00:08]} 8. dxe5 {[%emt 0:02:02]} dxe5 {[%emt 0:00:16]} 9. Be3 {[%emt 0:01:07]} Ng4 {[%emt 0:05:59]} 10. Bg5 {[%emt 0:03:43]} f6 {[%emt 0:00:22]} 11. Bh4 {[%emt 0:00:16]} c6 {[%emt 0:03:23]} 12. Qxd8 {[%emt 0:09:11]} Rxd8 {[%emt 0:00:40]} 13. Rfd1 {[%emt 0:00:11] E94: King's Indian: Classical: 6 Be2 e5 7 0-0: Various Black 7th moves} Be6 {[%emt 0:00:59] [#]} 14. b3 $146 {[%emt 0:09:03]} ({Predecessor:} 14. a3 Nh6 15. b4 Nf7 16. Nd2 Rd7 17. Nb3 Rad8 18. f3 b6 19. Kf1 Nc7 20. Rxd7 Rxd7 {½-½ (60) Oleksienko,M (2636)-Vypkhaniuk,I (2302) Lvov 2017}) 14... h5 {[%emt 0:12:57]} 15. h3 {[%emt 0:04:59]} Nh6 {[%emt 0:00:17]} 16. Rxd8+ {[%emt 0:03:19]} Rxd8 {[%emt 0:00:09]} 17. Rd1 {[%emt 0:00:38]} Rxd1+ {[%emt 0:01:09]} 18. Bxd1 {[%emt 0:00:02]} g5 {[%emt 0:01:43]} 19. Bg3 {[%emt 0:00:02]} h4 {[%emt 0:00:11]} 20. Bh2 {[%emt 0:00:02]} Bf8 {[%emt 0:00:08]} 21. Bc2 {[%emt 0:02:48]} Kf7 {[%emt 0:21:17]} 22. Kf1 {[%emt 0:02:18]} Ke8 {[%emt 0:00:55]} 23. Ng1 {[%emt 0:13:36]} Bb4 {[%emt 0:11:46]} 24. Nge2 {[%emt 0:02:08]} Nf7 {[%emt 0:00:21]} 25. f3 {[%emt 0:05:18]} Nd6 {[%emt 0:10:42]} 26. Bg1 {[%emt 0:03:21]} Bc5 {[%emt 0:00:10]} 27. Bxc5 {[%emt 0:00:51]} Nxc5 {[%emt 0:00:05]} 28. Kf2 {[%emt 0:04:35]} a5 {[%emt 0:00:49]} 29. Nc1 {[%emt 0:10:53]} b6 {[%emt 0:01:53]} 30. Nd3 {[%emt 0:00:53]} Ndb7 {[%emt 0:00:12]} 31. Ke2 {[%emt 0:02:05]} Kd7 {[%emt 0:02:13]} 32. Nc1 {[%emt 0:02:15]} Kc7 {[%emt 0:01:44]} 33. Kd2 {[%emt 0:01:02]} Bf7 {[%emt 0:04:40]} 34. Bd3 {[%emt 0:09:45]} Ne6 {[%emt 0:06:31]} 35. Bf1 {[%emt 0:00:32]} Nbc5 {[%emt 0:06:41]} 36. Nd3 {[%emt 0:03:18]} Nxd3 {[%emt 0:03:56]} 37. Kxd3 {[%emt 0:01:09]} Be8 {[%emt 0:00:52]} 38. Kd2 {[%emt 0:02:18]} Nd4 {[%emt 0:01:15]} 39. Ne2 {[%emt 0:00:33]} Kd6 $15 {[%emt 0:00:30]} 40. Nc1 {[%emt 0:00:00]} b5 {[%emt 0:01:16]} 41. Kc3 {[%emt 0:09:19]} b4+ {[%emt 0:18:20]} 42. Kd2 {[%emt 0:02:38]} Ne6 {[%emt 0:04:53]} 43. Nd3 {[%emt 0:01:45]} Bg6 {[%emt 0:00:12]} 44. Nf2 {[%emt 0:01:58]} Nf4 {[%emt 0:02:14]} 45. Ke3 {[%emt 0:03:08]} c5 {[%emt 0:04:16]} 46. Kd2 {[%emt 0:03:15]} Be8 {[%emt 0:00:58]} 47. Ng4 {[%emt 0:01:13]} Ke6 {[%emt 0:00:27]} 48. Ne3 {[%emt 0:00:17]} a4 {[%emt 0:00:46]} 49. Kc2 {[%emt 0:03:25]} a3 {[%emt 0:00:14]} 50. Kd2 {[%emt 0:01:30]} Bg6 {[%emt 0:01:37]} 51. Bd3 {[%emt 0:01:48]} Bh7 {[%emt 0:00:52]} 52. Bc2 {[%emt 0:01:44]} Kf7 {[%emt 0:00:31]} 53. Bd3 {[%emt 0:00:36]} Ne6 {[%emt 0:00:09]} 54. Bc2 {[%emt 0:01:32]} Nd4 {[%emt 0:00:20]} 55. Bd3 {[%emt 0:00:08]} Ke6 {[%emt 0:00:38]} 56. Ke1 {[%emt 0:01:26]} Kd6 {[%emt 0:01:54]} 57. Kd2 {[%emt 0:00:21]} Ne6 {[%emt 0:00:17]} 58. Nd5 {[%emt 0:02:32]} Nd4 {[%emt 0:00:01]} 59. Nxf6 {[%emt 0:00:30]} Nxb3+ {[%emt 0:00:04]} 60. Kc2 {[%emt 0:01:06]} Nd4+ {[%emt 0:00:05]} 61. Kb1 {[%emt 0:00:40]} Bg6 {[%emt 0:00:02]} 62. Ng4 {[%emt 0:00:16]} Be8 {[%emt 0:00:35]} 63. Ne3 {[%emt 0:00:08]} Bd7 {[%emt 0:00:13]} 64. Kc1 {[%emt 0:00:20]} Nc6 {[%emt 0:01:33]} 65. Kb1 {[%emt 0:01:32]} Nd4 {[%emt 0:00:34]} 66. Kc1 {[%emt 0:00:02]} b3 1/2-1/2

[Event "ESTCC U65 2018"]
[Site "Walbrzych"]
[Date "2018.04.19"]
[Round "6"]
[White "Gustavsson, Bo"]
[Black "Auvinen, Esa"]
[Result "0-1"]
[WhiteElo "1915"]
[BlackElo "1888"]
[Annotator "NA"]
[PlyCount "58"]
[EventDate "2018.??.??"]
[EventCountry "POL"]
[SourceTitle "playchess.com"]
[Source "ChessBase"]
[SourceQuality "1"]
[WhiteTeam "Sweden"]
[BlackTeam "Finland"]
[WhiteTeamCountry "SWE"]
[BlackTeamCountry "FIN"]
[TimeControl "40/5400+30:1800+30"]

1. e4 {[%emt 0:00:00]} e5 {[%emt 0:03:16]} 2. Nf3 {[%emt 0:00:00]} Nc6 {[%emt 0:00:05]} 3. Bc4 {[%emt 0:00:03]} Bc5 {[%emt 0:00:57]} 4. c3 {[%emt 0:01:34]} Nf6 {[%emt 0:00:43]} 5. d4 {[%emt 0:03:55]} exd4 {[%emt 0:00:44]} 6. e5 {[%emt 0:00:19]} d5 {[%emt 0:02:56]} 7. exf6 {[%emt 0:16:42]} dxc4 {[%emt 0:00:19]} 8. fxg7 {[%emt 0:06:27]} Rg8 {[%emt 0:08:45]} 9. cxd4 {[%emt 0:03:47]} Nxd4 {[%emt 0:01:13]} 10. Be3 {[%emt 0:01:43]} Nxf3+ {[%emt 0:04:11]} 11. Qxf3 {[%emt 0:01:44]} Bxe3 {[%emt 0:00:44]} 12. fxe3 {[%emt 0:12:07]} Rxg7 {[%emt 0:01:38]} 13. Nd2 {[%emt 0:05:16]} c6 {[%emt 0:05:04]} 14. Ne4 {[%emt 0:10:24]} Be6 {[%emt 0:04:31]} 15. Rd1 {[%emt 0:00:25]} Qa5+ {[%emt 0:02:06]} 16. Kf2 {[%emt 0:02:29]} Qxa2 {[%emt 0:01:31]} 17. Qf6 {[%emt 0:03:26]} Rg8 {[%emt 0:09:26]} 18. Rhf1 {[%emt 0:04:45]} Qb3 {[%emt 0:05:40]} 19. Rd2 {[%emt 0:04:36]} c3 {[%emt 0:24:45]} 20. bxc3 {[%emt 0:05:53]} Bd5 {[%emt 0:00:41]} 21. Kg1 {[%emt 0:02:20]} Bxe4 {[%emt 0:01:30]} 22. Rfd1 {[%emt 0:01:43]} Rxg2+ {[%emt 0:01:53]} 23. Rxg2 {[%emt 0:00:47]} Qxd1+ {[%emt 0:00:10]} 24. Kf2 {[%emt 0:00:41]} Qd2+ {[%emt 0:00:55]} 25. Kf1 {[%emt 0:00:31]} Qxg2+ {[%emt 0:00:24]} 26. Ke1 {[%emt 0:00:00]} Rd8 {[%emt 0:02:46]} 27. Qe5+ {[%emt 0:01:19]} Kd7 {[%emt 0:00:22]} 28. Qf6 {[%emt 0:01:08]} Kc8 {[%emt 0:00:52]} 29. Qxf7 {[%emt 0:00:13]} Bd5 0-1

[Event "ESTCC U65 2018"]
[Site "Walbrzych"]
[Date "2018.04.19"]
[Round "6"]
[White "Vehkalahti, Veli"]
[Black "Just, Joachim"]
[Result "0-1"]
[WhiteElo "1880"]
[BlackElo "1928"]
[Annotator "NA"]
[PlyCount "116"]
[EventDate "2018.??.??"]
[EventCountry "POL"]
[SourceTitle "playchess.com"]
[Source "ChessBase"]
[SourceQuality "1"]
[WhiteTeam "Finland"]
[BlackTeam "Germany"]
[WhiteTeamCountry "FIN"]
[BlackTeamCountry "GER"]
[TimeControl "40/5400+30:1800+30"]

1. d4 {[%emt 0:01:48]} d5 {[%emt 0:00:11]} 2. Nf3 {[%emt 0:00:18]} Nf6 {[%emt 0:00:18]} 3. Bf4 {[%emt 0:01:23]} g6 {[%emt 0:00:56]} 4. e3 {[%emt 0:01:16]} Bg7 {[%emt 0:00:22]} 5. Bd3 {[%emt 0:00:18]} O-O {[%emt 0:00:37]} 6. Nbd2 {[%emt 0:00:18]} c6 {[%emt 0:01:00]} 7. O-O {[%emt 0:00:26]} Nbd7 {[%emt 0:01:09] D02: 1 d4 d5 2 Nf3 sidelines, including 2...Nf6 3 g3 and 2...Nf6 3 Bf4} 8. h3 {[%emt 0:00:47]} Re8 {[%emt 0:01:03]} (8... b6 9. c3 Bb7 10. Qe2 a5 11. a4 Qc8 12. Rac1 c5 13. Bb5 Bc6 14. c4 Qb7 15. Ne5 Nxe5 16. Bxe5 cxd4 17. exd4 dxc4 18. Bxc6 Qxc6 19. Rxc4 {½-½ (50) Hoang,T (2495)-Ehlvest,J (2578) Jakarta 2013}) 9. c4 {[%emt 0:01:26]} dxc4 {[%emt 0:02:29]} 10. Bxc4 {[%emt 0:03:26]} Nd5 {[%emt 0:01:26]} 11. Bg3 {[%emt 0:03:09]} N7b6 $146 {[%emt 0:03:29]} ({Predecessor:} 11... Qb6 12. Bb3 e5 13. Nxe5 Nxe5 14. Bxe5 Bxe5 {½-½ (23) Holth,T-Groenli,F (1292) Sarpsborg 2002}) 12. Bb3 {[%emt 0:00:46]} a5 {[%emt 0:02:24]} 13. a4 {[%emt 0:00:23]} h6 {[%emt 0:04:51]} 14. Rc1 {[%emt 0:08:00]} Nb4 {[%emt 0:02:21]} 15. Ne4 {[%emt 0:09:44]} N6d5 {[%emt 0:04:17]} 16. Bxd5 Qxd5 17. Nc3 Qh5 {[%emt 0:12:34]} 18. Ne5 {[%emt 0:21:20]} Qxd1 {[%emt 0:00:34]} 19. Rfxd1 {[%emt 0:00:15]} Be6 {[%emt 0:00:21]} 20. Rd2 {[%emt 0:04:10]} Rad8 {[%emt 0:04:00]} 21. Nf3 {[%emt 0:05:03]} Rc8 {[%emt 0:05:55]} 22. Ne4 {[%emt 0:07:47]} Ra8 {[%emt 0:06:08]} 23. Nc5 {[%emt 0:02:26]} Bc8 {[%emt 0:00:10]} 24. Bc7 {[%emt 0:00:46]} Nd5 {[%emt 0:01:49]} 25. Be5 {[%emt 0:03:08]} f6 {[%emt 0:00:41]} 26. Bg3 {[%emt 0:00:22]} e5 {[%emt 0:00:56]} 27. e4 {[%emt 0:02:40]} Nb4 {[%emt 0:03:00]} 28. dxe5 {[%emt 0:01:51]} fxe5 {[%emt 0:00:32]} 29. Rd6 {[%emt 0:01:22]} Kh7 {[%emt 0:02:53]} 30. Nd7 {[%emt 0:03:33]} b5 {[%emt 0:09:04]} 31. b3 {[%emt 0:01:17]} Ra7 {[%emt 0:01:17]} 32. Ndxe5 {[%emt 0:00:59]} Be6 {[%emt 0:02:48]} 33. Nd4 {[%emt 0:02:36]} Bxe5 {[%emt 0:02:12]} 34. Nxe6 {[%emt 0:00:15]} Bxd6 {[%emt 0:00:27]} 35. Bxd6 {[%emt 0:00:50]} Rxe6 {[%emt 0:00:10]} 36. e5 {[%emt 0:00:28]} bxa4 {[%emt 0:00:45]} 37. bxa4 {[%emt 0:00:01]} Rd7 {[%emt 0:00:18]} 38. Rc5 {[%emt 0:00:18]} Rexd6 {[%emt 0:02:05]} 39. exd6 {[%emt 0:00:18]} Rxd6 {[%emt 0:00:10]} 40. Rxa5 {[%emt 0:00:03]} Rd1+ {[%emt 0:30:37]} 41. Kh2 {[%emt 0:00:02]} Ra1 {[%emt 0:00:00]} 42. Ra7+ {[%emt 0:00:16]} Kg8 {[%emt 0:00:00]} 43. a5 {[%emt 0:00:47]} Ra3 {[%emt 0:00:00]} 44. f3 {[%emt 0:02:53]} c5 {[%emt 0:00:00]} 45. Kg3 {[%emt 0:01:09]} c4 {[%emt 0:00:00]} 46. Rb7 {[%emt 0:01:12]} Nc6 {[%emt 0:00:00]} 47. Rb6 {[%emt 0:00:29]} Nxa5 {[%emt 0:00:00]} 48. Rxg6+ {[%emt 0:00:32]} Kh7 {[%emt 0:00:00]} 49. Ra6 {[%emt 0:00:36]} c3 {[%emt 0:00:00]} 50. Ra7+ {[%emt 0:00:13]} Kg6 {[%emt 0:00:00]} 51. Rc7 {[%emt 0:05:36]} Kf6 {[%emt 0:00:00]} 52. Rc8 {[%emt 0:05:02]} Ke6 {[%emt 0:00:00]} 53. Re8+ {[%emt 0:04:55]} Kd7 $19 {[%emt 0:00:00]} 54. Re2 {[%emt 0:00:19]} Nc4 {[%emt 0:00:00]} 55. Re4 {[%emt 0:03:30]} Ra4 {[%emt 0:00:00]} 56. Re1 {[%emt 0:01:36]} Ra2 {[%emt 0:00:00]} 57. Rc1 {[%emt 0:00:28]} c2 {[%emt 0:00:00]} 58. Kf2 {[%emt 0:00:17]} Na5 {[%emt 0:00:00]} 0-1

[Event "ESTCC U65 2018"]
[Site "Walbrzych"]
[Date "2018.04.19"]
[Round "6"]
[White "Dalling, Peter"]
[Black "Heikkila, Raine"]
[Result "0-1"]
[WhiteElo "1844"]
[BlackElo "1705"]
[Annotator "NA"]
[PlyCount "108"]
[EventDate "2018.??.??"]
[EventCountry "POL"]
[SourceTitle "playchess.com"]
[Source "ChessBase"]
[SourceQuality "1"]
[WhiteTeam "Sweden"]
[BlackTeam "Finland"]
[WhiteTeamCountry "SWE"]
[BlackTeamCountry "FIN"]
[TimeControl "40/5400+30:1800+30"]

1. e4 {[%emt 0:00:00]} e5 {[%emt 0:00:38]} 2. Nf3 {[%emt 0:00:00]} Nc6 {[%emt 0:00:25]} 3. c3 {[%emt 0:00:00]} h6 {[%emt 0:00:51]} 4. Bc4 {[%emt 0:00:28]} Qf6 {[%emt 0:01:23]} 5. d4 {[%emt 0:01:35]} d6 {[%emt 0:01:16]} 6. d5 {[%emt 0:01:30]} Nb8 {[%emt 0:00:31]} 7. Be3 {[%emt 0:01:14]} Ne7 {[%emt 0:02:45]} 8. Nbd2 {[%emt 0:01:54]} a6 {[%emt 0:00:34]} 9. Nf1 {[%emt 0:02:00]} Ng6 {[%emt 0:03:18]} 10. Ng3 {[%emt 0:02:54]} Bg4 {[%emt 0:00:28]} 11. Be2 {[%emt 0:00:19]} Nf4 {[%emt 0:00:44]} 12. Bxf4 {[%emt 0:01:11]} exf4 {[%emt 0:00:20]} 13. Nf1 {[%emt 0:01:08]} Be7 {[%emt 0:03:11]} 14. Qb3 {[%emt 0:06:09]} b6 {[%emt 0:01:14]} 15. N1d2 {[%emt 0:01:44]} O-O {[%emt 0:01:14]} 16. h3 {[%emt 0:04:59]} Bh5 {[%emt 0:00:34]} 17. Qc4 {[%emt 0:00:42]} Bd8 {[%emt 0:00:41]} 18. Qd4 {[%emt 0:07:39]} Qe7 {[%emt 0:02:29]} 19. O-O-O {[%emt 0:06:46]} Nd7 {[%emt 0:00:30]} 20. Rde1 {[%emt 0:00:12]} Qe8 {[%emt 0:01:37]} 21. Bd3 {[%emt 0:08:14]} Bf6 {[%emt 0:01:29]} 22. Qa4 {[%emt 0:01:34]} Nc5 {[%emt 0:00:47]} 23. Qc2 {[%emt 0:00:09]} Nxd3+ {[%emt 0:00:44]} 24. Qxd3 {[%emt 0:00:08]} Bg6 {[%emt 0:00:11]} 25. Qc4 {[%emt 0:01:25]} b5 {[%emt 0:01:42]} 26. Qe2 {[%emt 0:00:53]} Bh5 {[%emt 0:03:27]} 27. Qd3 {[%emt 0:00:51]} Bg6 {[%emt 0:05:11]} 28. Nd4 {[%emt 0:01:13]} Bxd4 {[%emt 0:01:27]} 29. Qxd4 {[%emt 0:01:14]} c5 {[%emt 0:00:50]} 30. dxc6 {[%emt 0:00:16]} Qxc6 {[%emt 0:00:57]} 31. Qd5 {[%emt 0:04:23]} Qc7 {[%emt 0:01:51]} 32. Nb3 {[%emt 0:02:40]} Rac8 {[%emt 0:01:37]} 33. Nd2 {[%emt 0:03:39]} Rfe8 {[%emt 0:00:42]} 34. f3 {[%emt 0:01:01]} Kh8 {[%emt 0:00:47]} 35. Kb1 {[%emt 0:01:10]} f6 {[%emt 0:00:34]} 36. Rc1 {[%emt 0:01:32]} Bh7 {[%emt 0:00:28]} 37. Rhd1 {[%emt 0:00:46]} Re5 {[%emt 0:00:22]} 38. Qd4 {[%emt 0:00:19]} d5 {[%emt 0:00:09]} 39. Ka1 {[%emt 0:00:42]} Bg8 {[%emt 0:00:55]} 40. exd5 {[%emt 0:00:00]} Rxd5 {[%emt 0:00:41]} 41. Qg1 {[%emt 0:03:39]} a5 {[%emt 0:00:50]} 42. Ne4 {[%emt 0:00:17]} a4 {[%emt 0:00:24]} 43. Rxd5 {[%emt 0:05:11]} Bxd5 {[%emt 0:00:12]} 44. Qd4 {[%emt 0:00:10]} Bg8 {[%emt 0:00:34]} 45. Rd1 {[%emt 0:01:51]} Qf7 {[%emt 0:00:19]} 46. b3 {[%emt 0:01:19]} axb3 {[%emt 0:00:10]} 47. Nd6 {[%emt 0:00:36]} b2+ {[%emt 0:00:32]} 48. Kxb2 {[%emt 0:00:34]} Qxa2+ {[%emt 0:00:22]} 49. Kc1 {[%emt 0:00:05]} Bb3 {[%emt 0:00:39]} 50. Qd3 {[%emt 0:01:18]} Bxd1 {[%emt 0:00:38]} 51. Kxd1 {[%emt 0:00:30]} Qb3+ {[%emt 0:01:42]} 52. Kd2 {[%emt 0:01:19]} Ra8 {[%emt 0:00:14]} 53. Qxb5 {[%emt 0:02:54]} Ra2+ {[%emt 0:02:16]} 54. Ke1 {[%emt 0:02:23]} Qxc3+ {[%emt 0:00:21]} 0-1

[Event "ESTCC U65 2018"]
[Site "Walbrzych"]
[Date "2018.04.19"]
[Round "6"]
[White "Patola, Eero"]
[Black "Gromark, Per-Olof"]
[Result "0-1"]
[WhiteElo "1823"]
[BlackElo "1901"]
[Annotator "NA"]
[PlyCount "68"]
[EventDate "2018.??.??"]
[EventCountry "POL"]
[SourceTitle "playchess.com"]
[Source "ChessBase"]
[SourceQuality "1"]
[WhiteTeam "Finland"]
[BlackTeam "Sweden"]
[WhiteTeamCountry "FIN"]
[BlackTeamCountry "SWE"]
[TimeControl "40/5400+30:1800+30"]

1. e4 c5 2. c4 Nc6 3. Nc3 g6 4. g3 Bg7 5. Bg2 a6 6. Nge2 Rb8 7. d3 b5 8. O-O e6 9. f4 d6 10. e5 Nd4 11. cxb5 axb5 12. Nxd4 cxd4 13. Nxb5 Rxb5 14. Bc6+ Bd7 15. Bxb5 Bxb5 16. Qb3 Bc6 17. Qc4 Bd5 18. Qxd4 Ne7 19. Be3 dxe5 20. fxe5 O-O 21. Bg5 Qd7 22. Bf6 Nf5 23. Qf2 Bh6 24. Rfe1 Bb7 25. g4 Qd5 26. Kf1 Qxd3+ 27. Re2 Qh3+ 28. Ke1 Qxg4 29. Rd1 Qb4+ 30. Rdd2 Rc8 31. Kd1 Bxd2 32. Rxd2 Qg4+ 33. Re2 Nd4 34. h3 Qxe2+ 0-1

[Event "ESTCC U65 2018"]
[Site "Walbrzych"]
[Date "2018.04.19"]
[Round "6"]
[White "Lindholm, Pertti"]
[Black "Andersson, Kenneth"]
[Result "0-1"]
[WhiteElo "1624"]
[BlackElo "1763"]
[Annotator "NA"]
[PlyCount "68"]
[EventDate "2018.??.??"]
[EventCountry "POL"]
[SourceTitle "playchess.com"]
[Source "ChessBase"]
[SourceQuality "1"]
[WhiteTeam "Finland"]
[BlackTeam "Sweden"]
[WhiteTeamCountry "FIN"]
[BlackTeamCountry "SWE"]
[TimeControl "40/5400+30:1800+30"]

1. d4 {[%emt 0:00:41]} d5 {[%emt 0:00:05]} 2. c4 {[%emt 0:00:25]} Nf6 {[%emt 0:00:21]} 3. Nc3 {[%emt 0:00:25]} c6 4. Bf4 Bf5 {[%emt 0:02:16]} 5. e3 {[%emt 0:01:13]} a6 {[%emt 0:00:31]} 6. Nf3 {[%emt 0:01:11]} e6 {[%emt 0:00:22]} 7. Be2 {[%emt 0:02:19]} Nbd7 8. Nh4 Bg6 {[%emt 0:07:22]} 9. Nxg6 {[%emt 0:01:07]} hxg6 {[%emt 0:05:01]} 10. Qb3 {[%emt 0:01:54]} Qb6 {[%emt 0:05:00]} 11. Qxb6 {[%emt 0:05:12]} Nxb6 {[%emt 0:00:23]} 12. c5 {[%emt 0:00:36]} Nbd7 {[%emt 0:00:50]} 13. O-O {[%emt 0:02:36]} Nh5 {[%emt 0:01:22]} 14. Rfe1 {[%emt 0:05:44]} Nxf4 {[%emt 0:02:04]} 15. exf4 {[%emt 0:00:04]} Be7 {[%emt 0:00:20]} 16. Bd3 {[%emt 0:01:00]} O-O 17. f5 gxf5 {[%emt 0:04:35]} 18. Bxf5 {[%emt 0:01:00]} Bf6 {[%emt 0:11:53]} 19. Bd3 {[%emt 0:05:07]} Bxd4 {[%emt 0:00:33]} 20. Na4 {[%emt 0:00:51]} Nxc5 {[%emt 0:01:12]} 21. Nxc5 {[%emt 0:03:30]} Bxc5 {[%emt 0:01:54]} 22. Re5 {[%emt 0:00:59]} Bd4 {[%emt 0:02:33]} 23. Rh5 {[%emt 0:00:36]} g6 {[%emt 0:00:18]} 24. Rh4 {[%emt 0:00:30]} e5 {[%emt 0:01:05]} 25. Rb1 {[%emt 0:00:53]} c5 {[%emt 0:01:35]} 26. b4 {[%emt 0:00:50]} c4 {[%emt 0:01:23]} 27. Bc2 {[%emt 0:00:27]} Rad8 {[%emt 0:04:34]} 28. Rd1 Bc3 {[%emt 0:01:24]} 29. a3 {[%emt 0:02:13]} d4 {[%emt 0:02:23]} 30. Bb1 {[%emt 0:01:41]} Rfe8 {[%emt 0:00:55]} 31. Rh3 {[%emt 0:01:17]} e4 {[%emt 0:01:44]} 32. Rh4 {[%emt 0:00:19]} d3 {[%emt 0:00:28]} 33. Rc1 {[%emt 0:01:23]} Bf6 {[%emt 0:01:39]} 34. Rh3 {[%emt 0:00:19]} c3 {[%emt 0:01:16]} 0-1

[Event "ESTCC U65 2018"]
[Site "Walbrzych"]
[Date "2018.04.20"]
[Round "7"]
[White "Lisenko, Alexander V"]
[Black "Nilsson, Christer"]
[Result "1/2-1/2"]
[WhiteElo "2368"]
[BlackElo "1931"]
[Annotator "TA"]
[PlyCount "69"]
[EventDate "2018.??.??"]
[EventCountry "POL"]
[SourceTitle "playchess.com"]
[Source "ChessBase"]
[SourceQuality "1"]
[WhiteTeam "Russia"]
[BlackTeam "Sweden"]
[WhiteTeamCountry "RUS"]
[BlackTeamCountry "SWE"]

{[%evp 28,69,23,23,69,1,35,23,64,31,45,27,116,60,61,35,50,35,38,11,18,0,23,11,14,0,27,0,27,6,6,12,17,8,41,0,12,0,0,-5,0,0,0,0]} 1. c4 Nf6 2. Nf3 g6 3. g3 Bg7 4. Bg2 O-O 5. O-O d6 6. d4 Nbd7 7. Qc2 e5 8. Rd1 Re8 9. dxe5 dxe5 10. e4 c6 11. h3 Qc7 12. Be3 Bf8 13. c5 {E60: King's Indian: Unusual lines and Fianchetto Variation without Nc3} b6 14. b4 bxc5 15. bxc5 {LiveBook: 9 Games. White has an edge.} a5 16. a4 $146 (16. Nbd2 $14) ({Predecessor:} 16. Bf1 a4 17. Na3 Ba6 18. Bxa6 Rxa6 19. Rab1 Qa7 20. Rdc1 Nh5 {1-0 (47) Lisenko,A (2380)-Daly,C (2220) Dublin 1991}) 16... Qa7 {[%cal Rf8c5]} 17. Rc1 Rb8 18. Nbd2 Ba6 19. Nb3 Bc8 (19... Rb4 $11) 20. Ne1 (20. Nfd2 $16) 20... Be7 21. Bd2 Bd8 22. Rab1 Bc7 23. Nd3 Nf8 24. Bc3 Be6 25. Nd2 N6d7 26. Bb2 Rb7 27. f4 (27. Ba3 {with more complications.} Reb8 28. Qc3 f6 29. Rxb7 Rxb7 30. f4) 27... f6 (27... Reb8 {keeps more tension.} 28. Kh1 Ba2 29. Ra1 Be6 30. Rab1) 28. fxe5 (28. Rf1 {feels hotter.} exf4 29. gxf4 Qa6 30. Rbe1 Rxb2 31. Nxb2 Nxc5 32. f5) 28... Nxe5 29. Nxe5 Bxe5 30. Bxe5 Rxb1 31. Rxb1 fxe5 {The position is equal.} 32. Rb6 Rc8 33. Bf1 Qd7 34. Nc4 Qd4+ 35. Qf2 $1 {Precision: White = 26%, Black = 33%.} 1/2-1/2

[Event "ESTCC U65 2018"]
[Site "Walbrzych"]
[Date "2018.04.20"]
[Round "7"]
[White "Tunik, Gennady"]
[Black "Wademark, Helge"]
[Result "1-0"]
[WhiteElo "2351"]
[BlackElo "2005"]
[Annotator "NA"]
[PlyCount "37"]
[EventDate "2018.??.??"]
[EventCountry "POL"]
[SourceTitle "playchess.com"]
[Source "ChessBase"]
[SourceQuality "1"]
[WhiteTeam "Russia"]
[BlackTeam "Sweden"]
[WhiteTeamCountry "RUS"]
[BlackTeamCountry "SWE"]
[TimeControl "40/5400+30:1800+30"]

{[%evp 18,37,22,32767,39,47,33,43,32767,17,26,23,25,25,32767,32767,32767,32767,299,32767,32767,315]} 1. d4 {[%emt 0:00:00]} d5 {[%emt 0:00:14]} 2. c4 {[%emt 0:00:00]} dxc4 {[%emt 0:00:46]} 3. Nf3 {[%emt 0:00:05]} Nf6 {[%emt 0:00:03]} 4. e3 {[%emt 0:00:15]} e6 {[%emt 0:00:34]} 5. Bxc4 {[%emt 0:00:09]} a6 {[%emt 0:00:02]} 6. O-O {[%emt 0:00:35]} c5 {[%emt 0:01:17]} 7. dxc5 {[%emt 0:00:13]} Qxd1 {[%emt 0:03:05]} 8. Rxd1 {[%emt 0:00:04]} Bxc5 {[%emt 0:00:14]} 9. Nbd2 {[%emt 0:00:24]} b5 {[%emt 0:05:59] LiveBook: 12 Games D27: Queen's Gambit Accepted: Classical main line: 7 e4!? and 7 a4} (9... Nbd7 10. Be2 b6 11. Nc4 Bb7 12. b3 O-O 13. Bb2 Rfd8 14. Rac1 Nf8 15. Bd4 Bxd4 16. Nxd4 N8d7 17. Bf3 Bxf3 18. gxf3 Rac8 19. Nd6 Rxc1 20. Rxc1 Nc5 21. Nc4 {1-0 (60) Akobian,V (2647)-Nguyen,N (2630) Riadh 2017}) 10. Be2 {[%emt 0:00:15]} Bb7 {[%emt 0:00:11]} 11. a4 {[%emt 0:00:45]} b4 {[%emt 0:04:25]} 12. Nb3 {[%emt 0:01:22]} Be7 {[%emt 0:03:25]} 13. Ne5 $146 {[%emt 0:06:21]} ({White should play} 13. Bd2 $16) ({Find the theoretical novelty and annotate with similar games:} 13. Na5 Bd5 14. Nd4 Bd8 15. Nc4 {1-0 (28) Pogorelov,R (2453)-Ayza Ballester,J (2289) La Pobla de Lillet 2002}) 13... Nbd7 {[%emt 0:04:43]} 14. Nc4 {[%emt 0:03:45]} O-O {[%emt 0:13:02]} 15. Bd2 {[%emt 0:04:08]} Nd5 {[%emt 0:08:18]} 16. Nca5 {[%emt 0:02:42]} Bc8 {[%emt 0:01:35]} 17. e4 {[%emt 0:00:32]} N5b6 {[%emt 0:05:28]} 18. Nc6 {[%emt 0:00:30]} Bf6 {[%emt 0:01:27]} 19. a5 $18 {[%emt 0:00:21]} 1-0

[Event "ESTCC U65 2018"]
[Site "Walbrzych"]
[Date "2018.04.20"]
[Round "7"]
[White "Westerinen, Heikki M J"]
[Black "Buchal, Stephan"]
[Result "1/2-1/2"]
[WhiteElo "2308"]
[BlackElo "2310"]
[Annotator "ChessBase"]
[PlyCount "48"]
[EventDate "2018.??.??"]
[EventCountry "POL"]
[SourceTitle "playchess.com"]
[Source "ChessBase"]
[SourceQuality "1"]
[WhiteTeam "Finland"]
[BlackTeam "Germany"]
[WhiteTeamCountry "FIN"]
[BlackTeamCountry "GER"]
[TimeControl "40/5400+30:1800+30"]

1. e4 {[%emt 0:00:00]} g6 {[%emt 0:00:07]} 2. d4 {[%emt 0:00:00]} Bg7 {[%emt 0:00:10]} 3. Nc3 {[%emt 0:01:03]} d6 {[%emt 0:00:16]} 4. f4 {[%emt 0:02:39]} Nf6 {[%emt 0:01:27]} 5. a3 {[%emt 0:00:27]} O-O {[%emt 0:02:37]} 6. Nf3 {[%emt 0:00:24]} Na6 {[%emt 0:01:37]} 7. Bc4 {[%emt 0:07:25]} Nxe4 {[%emt 0:04:17]} 8. Bxf7+ {[%emt 0:09:15]} Rxf7 {[%emt 0:00:16]} 9. Nxe4 {[%emt 0:00:11]} Bf5 {[%emt 0:18:21]} 10. Nfg5 {[%emt 0:07:04]} Rf8 {[%emt 0:07:18]} 11. Ng3 {[%emt 0:00:40]} Qd7 {[%emt 0:03:54]} 12. Nxf5 {[%emt 0:09:06]} Qxf5 {[%emt 0:09:47]} 13. Qe2 {[%emt 0:07:18]} Rae8 {[%emt 0:13:17]} 14. Qe6+ {[%emt 0:11:51]} Kh8 {[%emt 0:04:21]} 15. Qxf5 {[%emt 0:01:39]} gxf5 {[%emt 0:02:51]} 16. Ne6 {[%emt 0:01:43]} Rf6 {[%emt 0:02:17]} 17. d5 {[%emt 0:02:16]} c6 {[%emt 0:05:18]} 18. c4 {[%emt 0:01:49]} Nc5 {[%emt 0:01:49]} 19. Nxg7 {[%emt 0:09:31]} Kxg7 {[%emt 0:00:00]} 20. Be3 {[%emt 0:01:34]} Rg6 {[%emt 0:07:37]} 21. O-O {[%emt 0:06:49]} Ne4 {[%emt 0:02:21]} 22. b4 {[%emt 0:04:56]} a6 {[%emt 0:01:32]} 23. Rfd1 {[%emt 0:01:33]} Kf7 {[%emt 0:00:26]} 24. Rac1 {[%emt 0:01:33]} e6 {[%emt 0:03:19]} 1/2-1/2